000 00701nam a2200229Ia 4500
003 OSt
005 20220926013146.0
006 a|||||r|||| 00| 0
007 ta
008 220923b |||||||| |||| 00| 0 eng d
037 _cGeneral Book
040 _aRTL
_cRTL
_beng
041 _2eng
_aeng
082 _aX64.73.N6, K5;3
100 _aWoodworth G Walter
_9151648
245 0 _aMoney market and monetary management
260 _aNew York
_bHarper and Row USA
_c1965
300 _axii,496p Bibliography at the end of eanch chapter Appendix p 457-86
_ccm.
650 _aMoney Markets
942 _hX64.73.N6, K5;3
_cGB
_2CC
999 _c625292
_d625292